Krstný otec (Record no. 22301)
[ view plain ]
| 000 -LEADER | |
|---|---|
| fixed length control field | 01430cam a2200433 a 4500 |
| 001 - CONTROL NUMBER | |
| control field | 22301 |
| 003 - CONTROL NUMBER IDENTIFIER | |
| control field | VRT |
| 005 - DATE AND TIME OF LATEST TRANSACTION | |
| control field | 20260325151417.0 |
| 008 - FIXED-LENGTH DATA ELEMENTS--GENERAL INFORMATION | |
| fixed length control field | 220512s1990 xo g 0000f slo |
| 015 ## - NATIONAL BIBLIOGRAPHY NUMBER | |
| National bibliography number | SNBA1990/06 |
| 020 ## - INTERNATIONAL STANDARD BOOK NUMBER | |
| International Standard Book Number | 8022201944 |
| 035 ## - SYSTEM CONTROL NUMBER | |
| System control number | SNK000004136 |
| 035 ## - SYSTEM CONTROL NUMBER | |
| System control number | urn:nbn:sk:snk-amjais |
| 035 ## - SYSTEM CONTROL NUMBER | |
| System control number | urn:nbn:sk:snk-am003fwk |
| 035 ## - SYSTEM CONTROL NUMBER | |
| System control number | 527382F0-3722-4874-BF97-42ABB94ADE0B |
| 039 #9 - LEVEL OF BIBLIOGRAPHIC CONTROL AND CODING DETAIL [OBSOLETE] | |
| Level of rules in bibliographic description | 202205120747 |
| Level of effort used to assign nonsubject heading access points | VLOAD |
| Level of effort used to assign subject headings | 202203080817 |
| Level of effort used to assign classification | msnk115 |
| Level of effort used to assign subject headings | 201901261156 |
| Level of effort used to assign classification | csnk01 |
| Level of effort used to assign subject headings | 201901261154 |
| Level of effort used to assign classification | csnk01 |
| 040 ## - CATALOGING SOURCE | |
| Original cataloging agency | SNK |
| Language of cataloging | slo |
| Original cataloging agency | SNK |
| Description conventions | AACR2 |
| 041 1# - LANGUAGE CODE | |
| Language code of text/sound track or separate title | slo |
| Language code of original | eng |
| 044 ## - COUNTRY OF PUBLISHING/PRODUCING ENTITY CODE | |
| MARC country code | xo |
| ISO country code | SK |
| 080 ## - UNIVERSAL DECIMAL CLASSIFICATION NUMBER | |
| Universal Decimal Classification number | 820 (73)-3 |
| Edition identifier | 1981 |
| 100 1# - MAIN ENTRY--PERSONAL NAME | |
| Personal name | Puzo, Mario, |
| Dates associated with a name | 1920-1999 |
| Relationship | aut |
| 240 14 - UNIFORM TITLE | |
| Uniform title | The Godfather |
| Language of a work | Slovensky |
| 245 10 - TITLE STATEMENT | |
| Title | Krstný otec |
| Statement of responsibility, etc. | Mario Puzo ; [z anglického originálu The Godfather ... preložila Taťjana Ruppeldtová] |
| 250 ## - EDITION STATEMENT | |
| Edition statement | 3. vyd. |
| 260 ## - PUBLICATION, DISTRIBUTION, ETC. | |
| Place of publication, distribution, etc. | Bratislava |
| Name of publisher, distributor, etc. | Tatran |
| Date of publication, distribution, etc. | 1990 |
| Place of manufacture | Bratislava |
| Manufacturer | Pravda |
| 300 ## - PHYSICAL DESCRIPTION | |
| Extent | 391 s. |
| Dimensions | 21 cm |
| 366 ## - TRADE AVAILABILITY INFORMATION | |
| Note | 110000 výt. |
| 490 1# - SERIES STATEMENT | |
| Series statement | Kométa |
| Volume/sequential designation | zv. 10 |
| 500 ## - GENERAL NOTE | |
| General note | Ilustr. na front. a predsádkach |
| 655 #7 - INDEX TERM--GENRE/FORM | |
| Genre/form data or focus term | americké romány |
| Source of term | SNKPH |
| 700 1# - ADDED ENTRY--PERSONAL NAME | |
| Personal name | Ruppeldtová, Tatiana, |
| Dates associated with a name | 1921-2006 |
| Relationship | trl |
| 830 #0 - SERIES ADDED ENTRY--UNIFORM TITLE | |
| Uniform title | Kométa |
| 910 ## - USER-OPTION DATA (OCLC) | |
| User-option data | snk |
| 942 ## - ADDED ENTRY ELEMENTS (KOHA) | |
| Source of classification or shelving scheme | Dewey Decimal Classification |
| Koha item type | Krásna literatúra pre dospelých |
| Suppress in OPAC | No |
| 949 ## - LOCAL PROCESSING INFORMATION (OCLC) | |
| 6 | 3830001021132 |
| a | kurukT1/PUZO1-2 |
| b | kuruk2009/F1031 |
| 949 ## - LOCAL PROCESSING INFORMATION (OCLC) | |
| 6 | 17A0188798 |
| a | snkSC 76698 D1 |
| b | snkKSP 3447/90 |
| 949 ## - LOCAL PROCESSING INFORMATION (OCLC) | |
| 6 | 17A0929295 |
| a | snkSC 76698 |
| 949 ## - LOCAL PROCESSING INFORMATION (OCLC) | |
| a | svkpoA 148670 |
| b | svkpo362445 |
| s | 6720:20060208 |
| Stav vyradenia | Strata | Poškodenie | Spôsob nadobudnutia | Domovská knižnica | Aktuálna knižnica | Dátum nadobudnutia | Total checkouts | Čiarový kód exemplára | Date last seen | Typ exemplára |
|---|---|---|---|---|---|---|---|---|---|---|
| Dar | Obecná knižnica Folkušová | Obecná knižnica Folkušová | 25.03.2026 | 4734401058 | 25.03.2026 | Krásna literatúra pre dospelých |
